LEADER 00990nam a2200229 i 4500 001 000000019734 003 CaOOAMICUS 005 20220516123726.0 008 180830s1942 it u000 u ita u 040 $aSeMil$bita 100 1 $aCoster, Charles : de,$d<1827-1879>.$0(OLS)http://semarc/name/8809 245 13$aLa leggenda e le avventure di Ulenspiegel e di Lamme Goedzak /$cCarlo de Coster ; a cura di Carlo Bernardi. 264 1$aTorino :$bUnione Tipografico-Editrice Torinese,$c1942. 300 $a2 v. ;$c19 cm. 490 1 $aI grandi scrittori stranieri 700 1 $aBernardi, Carlo.$0(OLS)http://semarc/name/8810 774 0 $tVol. 1.$w()172998 774 0 $tVol. 2.$w()172999 830 2$aI grandi scrittori stranieri.$0(OLS)http://semarc/title/302 996 $6245$aLa leggenda e le avventure di Ulenspiegel e di Lamme Goedzak$9(OLS)http://semarc/title/25978 996 $6264$aTorino :$bUnione Tipografico-Editrice Torinese$9(OLS)http://semarc/publisher/29628 LEADER 00923nam a2200181 i 4500 001 000000028045 003 CaOOAMICUS 005 20180830125448.0 008 180830s1965 fr u000 u und u 040 $aSeMil$bita 100 1 $aJedin, Hubert,$c.$0(OLS)http://semarc/name/488 245 10$aHistoire du Concile de Trente /$cpar Hubert Jedin. 260 $aRoma - Parigi - Tournai - New-York :$bDesclée & C.,$ccopyr. 1965. 300 $av. ;$c22 cm. 773 0 $tBibliothèque de théologie. Série 4, Histoire de la théologie.$dRoma [etc.] : Desclée & C., 1958.$w()28044 774 0 $aJedin, Hubert $tLutte pour le Concile.$kBibliothèque de théologie. Série 4, Histoire de la théologie$g1$w()61995 996 $6245$aHistoire du Concile de Trente$9(OLS)http://semarc/title/38034 996 $6260$aRoma - Parigi - Tournai - New-York :$bDesclée & C.$9(OLS)http://semarc/publisher/35898